000 00487nam a22001937a 4500
005 20230517130402.0
008 230517b |||||||| |||| 00| 0 eng d
020 _a9788130917641
082 _a658.80076
_bRIL-M
100 _aRiley;Pippa
245 _aMarketing and Promotion
250 _aViva Student Edition
260 _aIndia
_bBPP Learning media Ltd
_c2011
300 _a341
500 _aIndex + Bibliograghy
650 _aMarketing
700 _aPippa,Riley
999 _c18370
_d18370